000 00205nam a22000977a 4500
003 SGT
245 _aJournal of oral & maxillofacial Pathology
260 _bMedknow
_c2022
300 _a604
942 _2ddc
_cBV
999 _c30367
_d30367